Movies Quiz

Random Movies Quiz

Spirit Nominees (2008) Quiz Stats

 Plays Quiz not verified by Sporcle

Score 0/61 Timer 10:00
0 Plays Today
Hint Answer % Correct
Best FeatureFrozen River
92.9%
Best Male LeadSean Penn - Milk
92.9%
Best Female Lead*Melissa Leo* - Frozen River
92.9%
Best First Screenplay*Milk*
92.9%
Best First ScreenplayFrozen River
92.9%
Best CinematographyMilk
92.9%
Best Male LeadJavier Bardem - Vicky Cristina Barcelona
85.7%
Best Supporting Male*James Franco* - Milk
85.7%
Best Supporting Female*Penélope Cruz* - Vicky Cristina Barcelona
85.7%
Best Screenplay*Vicky Cristina Barcelona*
85.7%
Best Feature*The Wrestler*
78.6%
Best FeatureRachel Getting Married
78.6%
Best DirectorJonathan Demme - Rachel Getting Married
78.6%
Best Male Lead*Mickey Rourke* - The Wrestler
78.6%
Best Female LeadAnne Hathaway - Rachel Getting Married
78.6%
Best First ScreenplayRachel Getting Married
78.6%
Best Cinematography*The Wrestler*
78.6%
Best DirectorCourtney Hunt - Frozen River
71.4%
Best FeatureWendy and Lucy
64.3%
Best Male LeadRichard Jenkins - The Visitor
64.3%
Best Female LeadMichelle Williams - Wendy and Lucy
64.3%
Best Supporting FemaleRosemarie DeWitt - Rachel Getting Married
57.1%
Best Supporting FemaleDebra Winger - Rachel Getting Married
57.1%
Best Supporting FemaleMisty Upham - Frozen River
50%
Best Male LeadJeremy Renner - The Hurt Locker
42.9%
Best Supporting MaleCharlie McDermott - Frozen River
35.7%
Best Director*Tom McCarthy* - The Visitor
28.6%
Best Supporting MaleHaaz Sleiman - The Visitor
28.6%
Best ScreenplaySynecdoche, New York
28.6%
Best First Feature*Synecdoche, New York*
28.6%
Robert Altman Award*Synecdoche, New York*
28.6%
Hint Answer % Correct
Best Supporting MaleAnthony Mackie - The Hurt Locker
21.4%
Best Foreign Film*The Class* - France
21.4%
Best Foreign FilmHunger - Ireland
21.4%
Best Supporting FemaleRosie Perez - The Take
21.4%
Best FeatureBallast
14.3%
Best DirectorRamin Bahrani - Chop Shop
14.3%
Best DirectorLance Hammer - Ballast
14.3%
Best First ScreenplayBallast
14.3%
Best CinematographyBallast
14.3%
Best CinematographyChop Shop
14.3%
Best Female LeadSummer Bishil - Towelhead
7.1%
Best Female LeadTarra Riggs - Ballast
7.1%
Best Supporting MaleJim Myron Ross - Ballast
7.1%
Best ScreenplaySangre de Mi Sangre
7.1%
Best ScreenplaySavage Grace
7.1%
Best ScreenplaySugar
7.1%
Best First ScreenplayThe Wackness
7.1%
Best First FeatureAfterschool
7.1%
Best First FeatureMedicine for Melancholy
7.1%
Best First FeatureSangre de Mi Sangre
7.1%
Best First FeatureSleep Dealer
7.1%
Best CinematographyMedicine for Melancholy
7.1%
Best Foreign FilmGomorrah - Italy
7.1%
Best Foreign FilmThe Secret of the Grain - France
7.1%
Best Foreign FilmSilent Light - Mexico
7.1%
John Cassavetes Award*In Search of a Midnight Kiss*
7.1%
John Cassavetes AwardPrince of Broadway
7.1%
John Cassavetes AwardThe Signal
7.1%
John Cassavetes AwardTake Out
7.1%
John Cassavetes AwardTurn the River
7.1%

You're not logged in!

Compare scores with friends on all Sporcle quizzes.
OR
Log In

Show Comments

Extras

Top Quizzes Today


Score Distribution

Your Account Isn't Verified!

In order to create a playlist on Sporcle, you need to verify the email address you used during registration. Go to your Sporcle Settings to finish the process.

Report this User

Report this user for behavior that violates our Community Guidelines.

Details: